Statistics for TTP Countries

Click here to take the quiz!

General Stats

  • This quiz has been taken 14 times
  • The average score is 9 of 12

Answer Stats

HintAnswer% Correct
NegotiatingCanada
100%
NegotiatingUnited States
100%
Original SignatoryChile
90%
NegotiatingMexico
90%
Original SignatoryNew Zealand
80%
NegotiatingAustralia
80%
NegotiatingPeru
80%
NegotiatingMalaysia
80%
NegotiatingJapan
70%
NegotiatingVietnam
60%
Original SingatorySingapore
50%
Original SingatoryBrunei
30%

Score Distribution

Percentile by Number Answered

Percent of People with Each Score

Your Score History

You have not taken this quiz